| 000 -LEADER |
| fixed length control field |
00748nam a2200229Ia 4500 |
| 001 - CONTROL NUMBER |
| control field |
3143 |
| 003 - CONTROL NUMBER IDENTIFIER |
| control field |
GE_BSU |
| 008 - FIXED-LENGTH DATA ELEMENTS--GENERAL INFORMATION |
| fixed length control field |
181216s||||||||xx |||||||||||||| ||und|| |
| 040 ## - CATALOGING SOURCE |
| Transcribing agency |
GE_BSU |
| 080 ## - UNIVERSAL DECIMAL CLASSIFICATION NUMBER |
| Universal Decimal Classification number |
621.314(075.8) |
| 100 ## - MAIN ENTRY--PERSONAL NAME |
| Personal name |
Астахов,Н.В. Лопухина,Н.В. Медведев,В.Т. и др. |
| 245 ## - TITLE STATEMENT |
| Title |
Испытание электрических микромашин. |
| 245 ## - TITLE STATEMENT |
| Remainder of title |
Учебн.пособие. |
| 245 ## - TITLE STATEMENT |
| Statement of responsibility, etc. |
Под.ред.Н.В.Астахова. |
| 250 ## - EDITION STATEMENT |
| Edition statement |
Изд 2-ое, перераб.и доп. |
| 260 ## - PUBLICATION, DISTRIBUTION, ETC. |
| Place of publication, distribution, etc. |
М. |
| 260 ## - PUBLICATION, DISTRIBUTION, ETC. |
| Name of publisher, distributor, etc. |
Высш. школа. |
| 260 ## - PUBLICATION, DISTRIBUTION, ETC. |
| Date of publication, distribution, etc. |
1984. |
| 300 ## - PHYSICAL DESCRIPTION |
| Extent |
272стр.илл. |
| 653 ## - INDEX TERM--UNCONTROLLED |
| Uncontrolled term |
Испытание электрических микромашин. |
| 942 ## - ADDED ENTRY ELEMENTS (KOHA) |
| Koha item type |
წიგნი |